| 000 | 00683nam a2200217 a 4500 | ||
|---|---|---|---|
| 001 | 000021909 | ||
| 005 | 20200930011511.0 | ||
| 008 | 100914s1980 mx ad r 000 0 spa d | ||
| 020 | _a9682400821 | ||
| 040 |
_aDO-SdBNP _bspa _cBNPHU |
||
| 082 |
_axxxx _bG647m |
||
| 100 | 1 |
_aGoode, William J. _945465 |
|
| 245 | 1 | 0 |
_aMétodos de investigación social / _cWilliam J. Goode , Paul K. Hatt ; traducción Ramón Palazón B. |
| 250 | _a11a reimp. | ||
| 260 |
_aMéxico, D. F. : _bTrillas, _c1980. |
||
| 300 |
_a469 p. : _bil. diag. ; _c23 cm. |
||
| 500 | _aIncluye índice analítico. | ||
| 700 | 1 |
_aHatt, Paul K. _945466 |
|
| 700 | 1 |
_aPalazón B., Ramón _etr. _945467 |
|
| 049 | _aBNGR | ||
| 999 |
_c21407 _d21407 |
||